| 000 | 00674nam a22002051c 4500 | ||
|---|---|---|---|
| 001 | ht013932020 | ||
| 008 | 070802s2004 gw a||| 000u ger d | ||
| 020 |
_a3486645080 _93-486-64508-0 |
||
| 041 |
_ager _afre |
||
| 245 | 0 | 4 |
_aDie Schweiz und Deutschland 1945 - 1961 / _chrsg. von Antoine Fleury .. |
| 264 |
_aMünchen : _bOldenbourg, _c2004 |
||
| 300 | _aXIV, 312 S. : Ill | ||
| 648 | 0 |
_a1945-1961 _911763 |
|
| 700 | 1 |
_aFleury, Antoine [Hrsg.] _eHerausgeberIn _911764 |
|
| 942 | _cMG | ||
| 040 | _cRU-10907106 | ||
| 003 | RU-10907106 | ||
| 999 |
_c11008 _d11008 |
||
| 490 | 0 |
_aSchriftenreihe der Vierteljahrshefte für Zeitgeschichte : Sondernummer _v2004 |
|
| 546 | _aBeitr. teilw. dt., teilw. franz | ||